| 000 | 00533nam a2200193 a 4500 | ||
|---|---|---|---|
| 001 | 14068 | ||
| 003 | CO-ViMGA | ||
| 008 | 141112s2004 ck r 000 u spa d | ||
| 020 | _a9586007464 | ||
| 040 |
_aCO-ViMGA _bspa _cCO-ViMGA |
||
| 082 | 0 | 4 | _a372 B177m |
| 100 | 1 |
_aBartolome C., Rocio _920559 |
|
| 245 | 1 | 0 | _aManual del educador infantil |
| 260 |
_aSantafé de Bogotá : _bMcgraw - hill, _c1999 |
||
| 300 | _a2 | ||
| 590 | _aForma de adquisición : COMPRA | ||
| 650 | 1 | 4 |
_aeducación INFANTIL - MANUALES _920560 |
| 942 |
_2ddc _cBK |
||
| 999 |
_c24769 _d24769 |
||